000 04025nam a22004337a 4500
005 2010101908158.0
008 101019t xxu||||| |||| 00| 0 hin d
010 _aHIN-96233 B-486920-930
020 _c400.00
_a9788173096587
035 _aHN-68579 B-486920-930
037 _bDBAD / PUB
037 _bब्लूबेरी बुक्स
040 _aDPL
_bHN
082 _a
100 _923632
245 _aप्रतिनिधि मलयालम कहानियाँ /
_cपी.के.राधामणि द्वारा संपादित
260 _aनयी दिल्ली
_bसस्ता साहित्य
_c2012
270 _bनयी दिल्ली
_aएन-77,पहली मंजिल कनॉट सर्कस
_e110001
_k23310505, 41523565
_mwww.sastasahityamandal.org,
300 1 _a311पृ.
_c22सेमी (सजिल्द)
650 _9657
_aहिन्दी लघुकथाएँ
650 _934273
700 _948690
_aराधामणि,पी.के.
710 _934811
710 _935049
942 _2ddc
_cHN
_mप्रतिनि
_h
999 _c67693
_d67693